000 00690nam a2200181 i 4500
001 39269
003 ES-MaACL
005 20230906155928.0
007 t|
008 030227s1948 sp ||||1| spa d
100 1 _aCamuñas Puig, Antonio.
_934355
245 1 0 _aValoración espectroquímica del C en aceros ordinarios /
_cpor A. Camuñas Puig y E. Asensi Alvarez-Arenas.
260 _aMadrid :
_b[s.n.,
_c1948] (
_fImp. del I.N.T.A.)
300 _a21 p. :
_bil. ;
_c24 cm.
500 _aPrecede al tít.: Instituto Nacional de Técnica Aeronáutica. Sección de Información y Publicaciones.
700 1 _aAsensi Alvarez-Arenas, Enrique.
_923574
852 _aES-MaACL
_j1519-F-10
_bR.26437
999 _c39269
_d39269